[Event "First Saturday 2011 december IM"]
[Site "Budapest"]
[Date "2011.12.03"]
[Round "1"]
[White "Farago, Sandor"]
[Black "Lyell, Mark"]
[Result "1-0"]
[WhiteElo "2317"]
[BlackElo "2189"]
[PlyCount "59"]
[EventDate "2011.12.03"]

1. d4 d5 2. Nf3 Nc6 3. Bf4 Bg4 4. e3 e6 5. c4 Nf6 6. Nc3 Bb4 7. Rc1 O-O 8. h3
Bh5 9. a3 Bxc3+ 10. Rxc3 Na5 11. c5 Ne4 12. Rc1 Nc6 13. g4 Bg6 14. Bg2 f6 15.
O-O Qd7 16. b4 a6 17. Bh2 b5 18. Nh4 a5 19. Nxg6 hxg6 20. h4 axb4 21. axb4 Ra2
22. f3 Rd2 23. Qe1 Ra8 24. Ra1 Rxa1 25. Qxa1 Rxg2+ 26. Kxg2 Nd2 27. Qa8+ Kh7
28. Ra1 e5 29. Qf8 g5 30. Ra8 1-0

[Event "First Saturday 2011 december IM"]
[Site "Budapest"]
[Date "2011.12.03"]
[Round "1"]
[White "Galyas, Miklos"]
[Black "Kantor, Gergely"]
[Result "1/2-1/2"]
[WhiteElo "2468"]
[BlackElo "2292"]
[PlyCount "35"]
[EventDate "2011.12.03"]

1. e4 e6 2. d4 d5 3. Nc3 Bb4 4. e5 c5 5. a3 Bxc3+ 6. bxc3 Ne7 7. Qg4 O-O 8. Bd3
Nbc6 9. Nf3 f5 10. exf6 Rxf6 11. Bg5 e5 12. Qh4 e4 13. Bxf6 gxf6 14. Qxf6 exd3
15. Qg5+ Kf8 16. Qf6+ Kg8 17. Qg5+ Kf8 18. Qf6+ 1/2-1/2

[Event "First Saturday 2011 december IM"]
[Site "Budapest"]
[Date "2011.12.03"]
[Round "1"]
[White "Szeberenyi, Adam"]
[Black "Szalanczy, Emil"]
[Result "1-0"]
[WhiteElo "2324"]
[BlackElo "2281"]
[PlyCount "79"]
[EventDate "2011.12.03"]

1. Nf3 c5 2. c4 Nc6 3. Nc3 g6 4. g3 Bg7 5. Bg2 Nf6 6. O-O O-O 7. d3 d6 8. Bd2
b6 9. Ne5 dxe5 10. Bxc6 Rb8 11. Qc1 Bb7 12. Bxb7 Rxb7 13. Bh6 Qd7 14. Bxg7 Kxg7
15. Kg2 Rd8 16. f3 h6 17. Rb1 Rc7 18. b4 Rdc8 19. Nb5 Rc6 20. Qa3 Ra8 21. Nc3
Qd4 22. bxc5 Rxc5 23. Rb5 Rxb5 24. Nxb5 Qd7 25. Rb1 h5 26. h4 Qb7 27. Nc3 Rd8
28. Rb5 Qc7 29. Qb2 Rd4 30. a4 e6 31. a5 Nd7 32. axb6 axb6 33. Qa3 Nc5 34. Qb4
Rd6 35. Na4 Nd7 36. Qb2 Qc6 37. Qa3 Rd4 38. Qb2 Rd6 39. Qa1 Qc7 40. Nc3 {
after 36 move} 1-0

[Event "First Saturday 2011 december IM"]
[Site "Budapest"]
[Date "2011.12.03"]
[Round "1"]
[White "Bagi, Mate"]
[Black "Dolgener, Tobias"]
[Result "1-0"]
[WhiteElo "2311"]
[BlackElo "2231"]
[PlyCount "131"]
[EventDate "2011.12.03"]

1. e4 c5 2. Nf3 Nc6 3. d4 cxd4 4. Nxd4 e5 5. Nb5 d6 6. N1c3 a6 7. Na3 b5 8. Nd5
Nf6 9. Bg5 Qa5+ 10. Bd2 Qd8 11. Bg5 Qa5+ 12. Bd2 Qd8 13. Bd3 Nxd5 14. exd5 Ne7
15. c4 f5 16. O-O bxc4 17. Nxc4 Nxd5 18. Qf3 Be6 19. Bxf5 Bxf5 20. Qxd5 Rc8 21.
Nxe5 dxe5 22. Qxe5+ Be7 23. Qxf5 Rf8 24. Qg4 Qd7 25. Qxd7+ Kxd7 26. Bc3 g5 27.
Rad1+ Kc6 28. Bg7 Rg8 29. Rc1+ Kd5 30. Rfd1+ Ke6 31. Rxc8 Rxc8 32. Bc3 Bc5 {
after 34 move} 33. Kf1 Rf8 34. f3 g4 35. Rd3 h5 36. Ke2 Bg1 37. h3 gxh3 38.
gxh3 Rg8 39. Kf1 Bc5 40. Bd4 Bxd4 41. Rxd4 Rg3 42. Kf2 Rg5 43. b4 a5 44. a4
axb4 45. Rxb4 Ra5 46. Ke3 Kf6 47. Rd4 Re5+ 48. Kd2 Rg5 49. Ke3 Re5+ 50. Re4 Rd5
51. f4 Rd1 52. a5 Ra1 53. Re5 Ra3+ 54. Kd4 Rxh3 55. Re3 Rh1 56. Ra3 Kf5 57. a6
Kxf4 58. a7 Rd1+ 59. Kc3 Rd8 60. a8=Q Rxa8 61. Rxa8 h4 62. Kd3 Kg3 63. Ke2 Kg2
64. Rg8+ Kh2 65. Kf3 h3 66. Rh8 1-0

[Event "First Saturday 2011 december IM"]
[Site "Budapest"]
[Date "2011.12.03"]
[Round "1"]
[White "Katapodis, Argis Geras"]
[Black "Lengyel, Bela"]
[Result "0-1"]
[WhiteElo "2050"]
[BlackElo "2258"]
[PlyCount "60"]
[EventDate "2011.12.03"]

1. e4 e5 2. Bc4 Nf6 3. d3 c6 4. f4 exf4 5. Bxf4 d5 6. exd5 Nxd5 7. Qf3 Be6 8.
Nd2 Be7 9. Ne2 O-O 10. O-O Nd7 11. Kh1 Nxf4 12. Qxf4 Bg5 13. Qd6 Bxd2 14. Bxe6
fxe6 15. Nd4 Rxf1+ 16. Rxf1 Nf8 17. Qe5 Bg5 18. Ne2 Qe7 19. Ng3 Ng6 20. Qc3 Rf8
21. Re1 Bh4 22. Qc4 Bxg3 23. hxg3 Rf6 24. d4 Qf7 25. Kh2 Ne7 26. b4 Nd5 27. b5
Qh5+ 28. Kg1 Qf5 29. Qe2 cxb5 30. Rb1 Nc3 0-1

[Event "First Saturday 2011 december IM"]
[Site "Budapest"]
[Date "2011.12.04"]
[Round "2"]
[White "Dolgener, Tobias"]
[Black "Katapodis, Argis Geras"]
[Result "1-0"]
[WhiteElo "2231"]
[BlackElo "2050"]
[PlyCount "74"]
[EventDate "2011.12.03"]

1. e4 e5 2. Nf3 Nc6 3. Bb5 Nf6 4. d3 Bc5 5. c3 Qe7 6. Bg5 Bxf2+ 7. Kxf2 Qc5+ 8.
Ke2 Qxb5 9. b4 Nxe4 10. c4 Qxb4 11. dxe4 Qxc4+ 12. Qd3 Qxd3+ 13. Kxd3 d6 14.
Nc3 Be6 15. Rab1 f6 16. Rxb7 O-O-O 17. Rhb1 fxg5 18. Nxg5 Bg8 19. Nd5 Bxd5 20.
exd5 Ne7 21. Ke4 Rhf8 22. Ne6 Rf4+ 23. Nxf4 exf4 24. Rxa7 Kd7 25. Rc1 Rc8 26.
a4 g5 27. a5 Kd8 28. a6 c5 29. dxc6 d5+ 30. Kd3 Nxc6 31. Rb7 Ne5+ 32. Kd2 f3
33. a7 Nc4+ 34. Rxc4 dxc4 35. Rb8 c3+ 36. Kc2 f2 37. Rxc8+ Ke7 1-0

[Event "First Saturday 2011 december IM"]
[Site "Budapest"]
[Date "2011.12.04"]
[Round "2"]
[White "Szalanczy, Emil"]
[Black "Bagi, Mate"]
[Result "1-0"]
[WhiteElo "2281"]
[BlackElo "2311"]
[PlyCount "77"]
[EventDate "2011.12.03"]

1. e4 e5 2. Nf3 Nc6 3. Bb5 a6 4. Ba4 Nf6 5. O-O Be7 6. Re1 b5 7. Bb3 d6 8. c3
O-O 9. h3 Na5 10. Bc2 c5 11. d4 Nd7 12. Nbd2 exd4 13. cxd4 Nc6 14. Nb3 a5 15.
Bf4 a4 16. Nc1 Nb4 17. Bb1 a3 18. b3 Re8 19. Nd3 Na6 20. e5 d5 21. Be3 c4 22.
Nf4 Nf8 23. Bd2 Be6 24. Re3 Qb6 25. Qe1 Nb8 26. Bc2 Nc6 27. bxc4 bxc4 28. Rb1
Qa7 29. Bc3 Reb8 30. Qd2 Rxb1+ 31. Bxb1 Rb8 32. Re1 Rb7 33. g4 Qb8 34. Bc2 Na7
35. Ne2 Nb5 36. Ba1 Qa7 37. Kg2 Bc8 38. Qe3 Qb8 39. Rb1 {after 45 move} 1-0

[Event "First Saturday 2011 december IM"]
[Site "Budapest"]
[Date "2011.12.04"]
[Round "2"]
[White "Kantor, Gergely"]
[Black "Szeberenyi, Adam"]
[Result "1/2-1/2"]
[WhiteElo "2292"]
[BlackElo "2324"]
[PlyCount "47"]
[EventDate "2011.12.03"]

1. d4 Nf6 2. c4 e6 3. Nc3 d5 4. cxd5 exd5 5. Bg5 Be7 6. e3 c6 7. Bd3 O-O 8.
Nge2 Nbd7 9. O-O Re8 10. f3 Nf8 11. Qc2 Ng6 12. Rad1 Be6 13. h3 Rc8 14. e4 dxe4
15. fxe4 c5 16. Bb5 Bd7 17. dxc5 Qa5 18. Bxd7 Qxc5+ 19. Kh1 Nxd7 20. Rxd7 Qxg5
21. Qb3 Ne5 22. Rxb7 Bc5 23. Nd5 Qh6 24. Nef4 {after 10 move} 1/2-1/2

[Event "First Saturday 2011 december IM"]
[Site "Budapest"]
[Date "2011.12.04"]
[Round "2"]
[White "Lyell, Mark"]
[Black "Galyas, Miklos"]
[Result "0-1"]
[WhiteElo "2189"]
[BlackElo "2468"]
[PlyCount "143"]
[EventDate "2011.12.03"]

1. e4 e6 2. d4 d5 3. Nc3 h6 4. Bd3 Nc6 5. Nf3 Nb4 6. Be2 Nf6 7. exd5 Nbxd5 8.
Nxd5 exd5 9. O-O Bd6 10. Ne5 O-O 11. Bd3 Re8 12. Bf4 Ng4 13. Re1 Qf6 14. Nxg4
Rxe1+ 15. Qxe1 Bxg4 16. Bxd6 Qxd6 17. h3 Bd7 18. Qe5 Qxe5 19. dxe5 Re8 20. Re1
g5 21. Kf1 c5 22. c3 b5 23. b4 c4 24. Bc2 a5 25. a3 axb4 26. axb4 Ra8 27. Ke2
Kf8 28. Ke3 Ra2 29. Re2 Ke7 30. Kd4 Be6 31. Bd1 Ra3 32. Rd2 Kd7 33. Bf3 Kc6 34.
g3 Kb6 35. Bg2 Ra8 36. Re2 h5 37. Bf3 g4 38. hxg4 hxg4 39. Bg2 Ra1 40. Rd2 Kc6
41. f4 gxf3 42. Bxf3 Rg1 43. Rg2 Rf1 44. Be2 Re1 45. Bf3 Kb6 46. Rd2 Rg1 47.
Bg2 Kc6 48. Ke3 Ra1 49. Kd4 Ra8 50. Bf3 Rg8 51. Rg2 Rg7 52. Rg1 Rg6 53. g4 Rg8
54. Ra1 Kb6 55. Ra2 Rh8 56. Ke3 Rc8 57. Kd4 Rg8 58. Ke3 Rh8 59. Kf4 Rc8 60. Rd2
Rd8 61. g5 Kc6 62. Ra2 Kb6 63. Rd2 Kc6 64. Bg4 Bxg4 65. Kxg4 d4 66. cxd4 Kd5
67. Kf5 c3 68. Rd1 Kc4 69. Ke4 c2 70. Rc1 Rxd4+ 71. Ke3 Rd3+ 72. Ke2 0-1

[Event "First Saturday 2011 december IM"]
[Site "Budapest"]
[Date "2011.12.04"]
[Round "2"]
[White "Krumpacnik, Domen"]
[Black "Farago, Sandor"]
[Result "1/2-1/2"]
[WhiteElo "2377"]
[BlackElo "2317"]
[PlyCount "107"]
[EventDate "2011.12.03"]

1. d4 d5 2. c4 c6 3. Nf3 Nf6 4. Qb3 a6 5. a4 dxc4 6. Qxc4 Qd5 7. e3 Bf5 8. Nc3
Qxc4 9. Bxc4 h6 10. Ne5 e6 11. f3 Nbd7 12. e4 Bh7 13. Nxd7 Nxd7 14. Bf4 Bb4 15.
Kf2 O-O 16. Rhd1 Rfe8 17. Be3 Rad8 18. g4 Bg6 19. Ne2 f6 20. h4 Bf7 21. g5 fxg5
22. hxg5 h5 23. g6 Bxg6 24. Nf4 Bf7 25. Rh1 e5 26. Bxf7+ Kxf7 27. dxe5 Nxe5 28.
Rxh5 Nc4 29. Bc5 Rd2+ 30. Kg3 Bxc5 31. Rxc5 Ne5 32. Rb1 g5 33. Nh3 Kf6 34. Nf2
Rxf2 35. Rxe5 Rxf3+ 36. Kxf3 Rxe5 37. Rh1 Kg6 38. Rh8 Re7 39. Rb8 Rf7+ 40. Kg4
Rf4+ 41. Kg3 Rxe4 42. Rxb7 Rxa4 43. Rb6 Rc4 44. Rxa6 Kh5 45. Rb6 c5 46. Rc6 Rc2
47. Kh3 g4+ 48. Kg3 Kg5 49. Rb6 Rc4 50. Rb5 Rc2 51. b4 Rc3+ 52. Kg2 Kh4 53.
Rxc5 Rb3 54. Rc2 1/2-1/2

[Event "First Saturday 2011 december IM"]
[Site "Budapest"]
[Date "2011.12.05"]
[Round "3"]
[White "Galyas, Miklos"]
[Black "Krumpacnik, Domen"]
[Result "1-0"]
[WhiteElo "2468"]
[BlackElo "2377"]
[PlyCount "77"]
[EventDate "2011.12.03"]

1. d4 Nf6 2. c4 e6 3. Nc3 Bb4 4. f3 c5 5. d5 exd5 6. cxd5 d6 7. e4 O-O 8. Nge2
Nh5 9. g4 Qh4+ 10. Kd2 Nf6 11. Qe1 Qxe1+ 12. Kxe1 Nbd7 13. Kf2 a6 14. Ng3 g6
15. Bg5 Kg7 16. h4 h6 17. Be3 Ne5 18. Be2 Rh8 19. g5 hxg5 20. hxg5 Ne8 21. f4
Ng4+ 22. Bxg4 Bxg4 23. Rxh8 Kxh8 24. f5 gxf5 25. exf5 Nc7 26. Rh1+ Kg8 27. Rh4
Bxc3 28. bxc3 Bd1 29. c4 Bc2 30. Bd2 Kf8 31. g6 fxg6 32. Rh8+ Ke7 33. Rh7+ Kf6
34. Rxc7 b5 35. Bc3+ Kg5 36. f6 b4 37. Bb2 Bd3 38. f7 Bxc4 39. Bg7 1-0

[Event "First Saturday 2011 december IM"]
[Site "Budapest"]
[Date "2011.12.05"]
[Round "3"]
[White "Szeberenyi, Adam"]
[Black "Lyell, Mark"]
[Result "0-1"]
[WhiteElo "2324"]
[BlackElo "2189"]
[PlyCount "51"]
[EventDate "2011.12.03"]

1. Nf3 f5 2. d4 Nf6 3. g3 g6 4. Bg2 Bg7 5. O-O O-O 6. c3 Qe8 7. Qb3+ Kh8 8.
Nbd2 Nc6 9. d5 Nd8 10. e4 fxe4 11. Ng5 c6 12. c4 b5 13. dxc6 Nxc6 14. cxb5 Rb8
15. Qa4 Ne5 16. Ndxe4 Nxe4 17. Nxe4 d6 18. f4 Nd3 19. Nc3 Bd7 20. Qc4 Bxb5 21.
Nxb5 Qxb5 22. Qxb5 Bd4+ 23. Kh1 Rxb5 24. Rb1 Rc8 25. b4 Rc2 26. a4 {
after 4 move} 0-1

[Event "First Saturday 2011 december IM"]
[Site "Budapest"]
[Date "2011.12.05"]
[Round "3"]
[White "Bagi, Mate"]
[Black "Kantor, Gergely"]
[Result "1/2-1/2"]
[WhiteElo "2311"]
[BlackElo "2292"]
[PlyCount "72"]
[EventDate "2011.12.03"]

1. e4 e6 2. d4 d5 3. Nc3 Nf6 4. e5 Nfd7 5. f4 c5 6. Nf3 Nc6 7. Be3 a6 8. Qd2 b5
9. a3 Qb6 10. Ne2 b4 11. a4 a5 12. dxc5 Bxc5 13. Ned4 O-O 14. Bb5 Na7 15. Bd3
Ba6 16. O-O Nc6 17. Bxa6 Qxa6 18. Nb5 Bxe3+ 19. Qxe3 Qb6 20. Qxb6 Nxb6 21. b3
Nd7 22. Rad1 Nc5 23. f5 Rac8 24. Nbd4 Nxd4 25. Nxd4 Rfe8 26. fxe6 Nxe6 27. Nf5
Rxc2 28. Rxd5 Rc5 29. Rfd1 g6 30. Ng3 Rec8 31. Ne4 Rxd5 32. Rxd5 Rc1+ 33. Kf2
Rc2+ 34. Rd2 Rc1 35. Rd5 Rc2+ 36. Rd2 Rc1 1/2-1/2

[Event "First Saturday 2011 december IM"]
[Site "Budapest"]
[Date "2011.12.05"]
[Round "3"]
[White "Katapodis, Argis Geras"]
[Black "Szalanczy, Emil"]
[Result "0-1"]
[WhiteElo "2050"]
[BlackElo "2281"]
[PlyCount "67"]
[EventDate "2011.12.03"]

1. e4 c5 2. Nf3 d6 3. d4 cxd4 4. Nxd4 Nf6 5. Nc3 g6 6. Be3 Bg7 7. f3 Nc6 8. Bc4
Bd7 9. Qd2 O-O 10. O-O-O Ne5 11. Bb3 Rc8 12. Kb1 Nc4 13. Bxc4 Rxc4 14. g4 Qb8
15. b3 Rcc8 16. h4 h5 17. gxh5 Nxh5 18. Nd5 Rfe8 19. Bg5 Kf8 20. Bh6 e6 21.
Bxg7+ Kxg7 22. Ne3 Qc7 23. c4 Rh8 24. Qb2 e5 25. Ne2 Rce8 26. Rdg1 Qc5 27. Qd2
Kf8 28. Rg2 a5 29. Rg5 Re6 30. f4 Bc6 31. Nd5 Qf2 32. Qb2 Qf3 33. Rc1 Qxe4+ 34.
Ka1 0-1

[Event "First Saturday 2011 december IM"]
[Site "Budapest"]
[Date "2011.12.06"]
[Round "4"]
[White "Szalanczy, Emil"]
[Black "Lengyel, Bela"]
[Result "*"]
[WhiteElo "2281"]
[BlackElo "2258"]
[PlyCount "24"]
[EventDate "2011.12.03"]

1. c4 e5 2. Nc3 Nf6 3. g3 d5 4. cxd5 Nxd5 5. Bg2 Nb6 6. Nf3 Nc6 7. O-O Be7 8.
d3 O-O 9. Be3 f5 10. Rc1 Be6 11. Na4 f4 12. Bc5 Bd6 *

[Event "First Saturday 2011 december IM"]
[Site "Budapest"]
[Date "2011.12.06"]
[Round "4"]
[White "Kantor, Gergely"]
[Black "Katapodis, Argis Geras"]
[Result "1-0"]
[WhiteElo "2292"]
[BlackElo "2050"]
[PlyCount "37"]
[EventDate "2011.12.03"]

1. d4 Nf6 2. c4 c5 3. d5 b5 4. Qc2 e6 5. e4 exd5 6. cxd5 Qb6 7. a4 Ba6 8. axb5
Bxb5 9. Bxb5 Qxb5 10. Nc3 Qb7 11. e5 Ng4 12. Qf5 h5 13. h3 g6 14. Qd3 Nh6 15.
Ne4 Qb4+ 16. Bd2 Qd4 17. Nf6+ Kd8 18. Qe2 Qxb2 19. Ba5+ 1-0

[Event "First Saturday 2011 december IM"]
[Site "Budapest"]
[Date "2011.12.06"]
[Round "4"]
[White "Lyell, Mark"]
[Black "Bagi, Mate"]
[Result "0-1"]
[WhiteElo "2189"]
[BlackElo "2311"]
[PlyCount "80"]
[EventDate "2011.12.03"]

1. d4 Nf6 2. Bg5 e6 3. e3 c5 4. c3 Qb6 5. Qc2 Be7 6. Nd2 d5 7. Bd3 h6 8. Bxf6
Bxf6 9. f4 Nc6 10. Ngf3 Bd7 11. O-O Rc8 12. Qb3 Qxb3 13. axb3 Be7 14. Ne5 Nxe5
15. dxe5 a6 16. e4 Bc6 17. exd5 Bxd5 18. c4 Bc6 19. Be4 f5 20. exf6 Bxf6 21.
Bg6+ Ke7 22. Rae1 Bxb2 23. Bf5 Bd7 24. Be4 Rc7 25. Nf3 Bf6 26. f5 Re8 27. Bd5
Kd6 28. fxe6 Bxe6 29. Nd2 Bd4+ 30. Kh1 Rce7 31. Bf3 Bf7 32. Ne4+ Kc7 33. Rd1
Bg6 34. Ng3 b5 35. Bd5 Bc2 36. Rc1 Bxb3 37. Nf5 Re2 38. Nxd4 cxd4 39. h3 d3 40.
Rf3 d2 0-1

[Event "First Saturday 2011 december IM"]
[Site "Budapest"]
[Date "2011.12.06"]
[Round "4"]
[White "Krumpacnik, Domen"]
[Black "Szeberenyi, Adam"]
[Result "1-0"]
[WhiteElo "2377"]
[BlackElo "2324"]
[PlyCount "75"]
[EventDate "2011.12.03"]

1. d4 Nf6 2. Nf3 g6 3. Bg5 Bg7 4. Nbd2 d5 5. e3 Nbd7 6. c4 c5 7. cxd5 Nxd5 8.
Qb3 N5b6 9. a4 cxd4 10. a5 Nc5 11. Qb5+ Nbd7 12. Nxd4 f6 13. Bh4 e5 14. N4b3 a6
15. Qc4 b5 16. axb6 Qxb6 17. Be2 a5 18. Nxc5 Nxc5 19. b4 Nb7 20. Bf3 a4 21.
Bc6+ Ke7 22. b5 Be6 23. Qb4+ Kf7 24. O-O g5 25. Bg3 Bf8 26. Qc3 Ra7 27. Kh1 Qc5
28. Qd3 Qd6 29. Qe2 Nc5 30. f4 gxf4 31. exf4 exf4 32. Bxf4 Qd3 33. Qxd3 Nxd3
34. b6 Ra6 35. b7 Bd6 36. Bb5 Nxf4 37. Bxa6 Be5 38. Rxa4 {after5 move} 1-0

[Event "First Saturday 2011 december IM"]
[Site "Budapest"]
[Date "2011.12.07"]
[Round "5"]
[White "Szeberenyi, Adam"]
[Black "Farago, Sandor"]
[Result "0-1"]
[WhiteElo "2324"]
[BlackElo "2317"]
[PlyCount "101"]
[EventDate "2011.12.03"]

1. d4 d5 2. c4 c6 3. Nc3 Nf6 4. e3 a6 5. Nf3 b5 6. b3 g6 7. Bd3 Bg7 8. O-O O-O
9. Bb2 Nbd7 10. Qe2 e6 11. Rfd1 Bb7 12. Rac1 Re8 13. cxb5 cxb5 14. a4 b4 15.
Na2 Bf8 16. Rc2 Ne4 17. Rdc1 Bd6 18. Ne5 Nb8 19. f3 Nf6 20. Qe1 Qe7 21. Qh4 a5
22. Bb5 Rd8 23. Bc6 Nxc6 24. Nxc6 Bxc6 25. Rxc6 Ne8 26. Qxe7 Bxe7 27. R1c2 Nd6
28. Nc1 Bg5 29. Kf2 Nf5 30. f4 Be7 31. g4 Nd6 32. Nd3 Ne4+ 33. Ke2 Bd6 34. Ne5
f6 35. Nd3 g5 36. Kf3 Kf7 37. Nf2 f5 38. h3 h5 39. gxf5 exf5 40. fxg5 Nxg5+ 41.
Ke2 h4 42. Bc1 Rd7 43. Bd2 Re8 44. Kf1 Nf3 45. Ra6 Nxd2+ 46. Rxd2 Rxe3 47. Rxa5
Rc7 48. Nd3 Rc3 49. Nc5 Rc1+ 50. Kf2 Rxh3 51. Ra7+ 0-1

[Event "First Saturday 2011 december IM"]
[Site "Budapest"]
[Date "2011.12.07"]
[Round "5"]
[White "Bagi, Mate"]
[Black "Krumpacnik, Domen"]
[Result "1-0"]
[WhiteElo "2311"]
[BlackElo "2377"]
[PlyCount "115"]
[EventDate "2011.12.03"]

1. e4 Nc6 2. Nf3 g6 3. d4 Bg7 4. d5 Ne5 5. Nxe5 Bxe5 6. Be2 d6 7. O-O Bg7 8. c4
e5 9. Be3 f5 10. f3 f4 11. Bf2 b6 12. Nc3 Bf6 13. b4 Bh4 14. c5 Bxf2+ 15. Rxf2
Nf6 16. cxd6 cxd6 17. Bb5+ Kf7 18. Rc1 a6 19. Bf1 g5 20. Rfc2 Bd7 21. b5 Qb8
22. Qe2 Rc8 23. bxa6 Rc5 24. Nb1 Bc8 25. Rxc5 bxc5 26. Qb5 Qxb5 27. Bxb5 Bxa6
28. Nc3 Ke7 29. Bxa6 Rxa6 30. a4 Rb6 31. Nb5 Kd7 32. Ra1 Ne8 33. Na7 Nc7 34. a5
Rb7 35. Nc6 Na6 36. Ra2 Rb3 37. Kf2 Kc7 38. Ke2 Nb4 39. Nxb4 Rxb4 40. a6 Kb8
41. a7+ Ka8 42. Kd3 Rb6 43. Kc3 h5 44. h3 Rb7 45. Ra6 Rd7 46. Kc4 Rd8 47. Kb5
Kb7 48. a8=Q+ Rxa8 49. Rxd6 Ra2 50. Rd7+ Kc8 51. Rg7 Rxg2 52. Kc6 Kb8 53. d6 c4
54. d7 Rd2 55. Rg8+ Ka7 56. d8=Q Rxd8 57. Rxd8 c3 58. Rd1 1-0

[Event "First Saturday 2011 december IM"]
[Site "Budapest"]
[Date "2011.12.07"]
[Round "5"]
[White "Katapodis, Argis Geras"]
[Black "Lyell, Mark"]
[Result "1/2-1/2"]
[WhiteElo "2050"]
[BlackElo "2189"]
[PlyCount "99"]
[EventDate "2011.12.03"]

1. e4 e5 2. Nf3 Nc6 3. Bc4 Nf6 4. d4 exd4 5. e5 d5 6. Bb5 Ne4 7. Nxd4 Bc5 8.
Be3 O-O 9. Bxc6 bxc6 10. O-O Bxd4 11. Qxd4 c5 12. Qd3 Bf5 13. Bxc5 Re8 14. f4
Qd7 15. Qe3 Qb5 16. Ba3 Rad8 17. Nc3 Nxc3 18. bxc3 Bxc2 19. Bc5 Be4 20. Bxa7
Ra8 21. Rf2 Re6 22. a3 Rc6 23. Bd4 Rc4 24. e6 fxe6 25. Qg3 Qd7 26. h4 c5 27.
Be5 Ra7 28. Rb2 Rb7 29. Raa2 h6 30. Rxb7 Qxb7 31. Rb2 Qd7 32. Rb8+ Kh7 33. Rb6
Ra4 34. Rd6 Qf7 35. Rc6 Ra7 36. Rxc5 Qe7 37. Rc6 Rb7 38. a4 Qd7 39. Ra6 Rb1+
40. Kh2 Rb2 41. Rc6 Rxg2+ 42. Qxg2 Bxg2 43. Rc7 Qxc7 44. Bxc7 Bf1 45. Kg3 Kg6
46. Be5 Kf7 47. h5 g6 48. Kh4 Be2 49. a5 gxh5 50. a6 1/2-1/2

[Event "First Saturday 2011 december IM"]
[Site "Budapest"]
[Date "2011.12.07"]
[Round "5"]
[White "Lengyel, Bela"]
[Black "Kantor, Gergely"]
[Result "1/2-1/2"]
[WhiteElo "2258"]
[BlackElo "2292"]
[PlyCount "116"]
[EventDate "2011.12.03"]

1. e4 e6 2. d4 d5 3. Nc3 Nf6 4. Bg5 Bb4 5. e5 h6 6. Bd2 Bxc3 7. bxc3 Ne4 8. Qg4
Kf8 9. h4 c5 10. Bd3 Nxd2 11. Kxd2 c4 12. Be2 Nc6 13. Nf3 b5 14. a3 a5 15. Rhb1
Rb8 16. h5 Bd7 17. Qf4 Qe7 18. Qe3 Ke8 19. g3 Kd8 20. Nh4 Kc7 21. f4 b4 22.
axb4 axb4 23. cxb4 Rxb4 24. Rxb4 Qxb4+ 25. Qc3 Qb6 26. Nf3 Rb8 27. Ke3 Qb2 28.
Kd2 Qb6 29. Bd1 f6 30. Qa3 fxe5 31. fxe5 Qb4+ 32. Qxb4 Rxb4 33. c3 Rb2+ 34. Bc2
Ne7 35. g4 Be8 36. Kc1 Rb8 37. Nh4 Bc6 38. Kd2 Rb2 39. Ng2 Be8 40. Nf4 Bd7 41.
Kc1 Rb8 42. Ra7+ Rb7 43. Ra8 Rb8 44. Rxb8 Kxb8 45. Kb2 Kc7 46. Ka3 Nc6 47. Bg6
Kd8 48. Ng2 Ke7 49. Nf4 Kf8 50. Ne2 Ke7 51. Nc1 Kf8 52. Na2 Ke7 53. Nb4 Nxb4
54. Kxb4 Bc6 55. Ka5 Bd7 56. Bc2 Be8 57. Kb4 Kd8 58. Ka5 Ke7 1/2-1/2

[Event "First Saturday 2011 december IM"]
[Site "Budapest"]
[Date "2011.12.08"]
[Round "6"]
[White "Kantor, Gergely"]
[Black "Dolgener, Tobias"]
[Result "1/2-1/2"]
[WhiteElo "2292"]
[BlackElo "2231"]
[PlyCount "59"]
[EventDate "2011.12.03"]

1. d4 Nf6 2. c4 g6 3. Nc3 d5 4. Nf3 Bg7 5. Qa4+ Bd7 6. Qb3 dxc4 7. Qxc4 O-O 8.
Bf4 Na6 9. e4 c5 10. e5 Be6 11. exf6 Bxc4 12. fxg7 Kxg7 13. Bxc4 cxd4 14. Rd1
Qa5 15. Be5+ f6 16. Bxd4 e5 17. Be3 Rfd8 18. O-O Rxd1 19. Rxd1 Rd8 20. Rxd8
Qxd8 21. Bxa7 Qc7 22. Bxa6 bxa6 23. Be3 Qc4 24. Nd2 Qd3 25. g3 Qc2 26. Nc4 Qd3
27. Nb6 Qc2 28. Nc4 Qd3 29. Nb6 Qc2 30. Nc4 1/2-1/2

[Event "First Saturday 2011 december IM"]
[Site "Budapest"]
[Date "2011.12.08"]
[Round "6"]
[White "Lyell, Mark"]
[Black "Lengyel, Bela"]
[Result "1-0"]
[WhiteElo "2189"]
[BlackElo "2258"]
[PlyCount "49"]
[EventDate "2011.12.03"]

1. e4 e5 2. Nf3 Nc6 3. Bc4 Nf6 4. Ng5 d5 5. exd5 Na5 6. Bb5+ c6 7. dxc6 bxc6 8.
Qf3 Rb8 9. Bd3 h6 10. Ne4 Nd5 11. b3 g6 12. Bb2 Bg7 13. Qg3 Nf4 14. Qxf4 exf4
15. Bxg7 f5 16. Bxh8 fxe4 17. Bxe4 Kf7 18. Bc3 Rb5 19. a4 Qe7 20. d3 Re5 21.
Nd2 Nb7 22. O-O-O Rc5 23. Rhe1 Be6 24. Nc4 Qc7 25. Bxg6+ 1-0

[Event "First Saturday 2011 december IM"]
[Site "Budapest"]
[Date "2011.12.08"]
[Round "6"]
[White "Farago, Sandor"]
[Black "Bagi, Mate"]
[Result "0-1"]
[WhiteElo "2317"]
[BlackElo "2311"]
[PlyCount "92"]
[EventDate "2011.12.03"]

1. e4 e5 2. Nf3 Nc6 3. Bb5 a6 4. Ba4 Nf6 5. Qe2 b5 6. Bb3 Be7 7. c3 O-O 8. O-O
d5 9. d3 Re8 10. Bg5 Be6 11. Nbd2 Qd7 12. Rfd1 h6 13. Bh4 Nh5 14. Bg3 Nxg3 15.
fxg3 Rad8 16. Nf1 d4 17. Bxe6 Qxe6 18. h3 Bc5 19. Kh1 Bb6 20. g4 Rd7 21. Ng3
Ne7 22. Nh4 Ng6 23. Nhf5 Nf4 24. Qf3 Red8 25. Nh5 Nxh5 26. gxh5 dxc3 27. bxc3
Kh7 28. Rd2 g6 29. Ng3 c5 30. Rf1 c4 31. Qf6 Qxf6 32. Rxf6 Be3 33. Rd1 Kg7 34.
Rxa6 Rxd3 35. Rf1 Bf4 36. Ne2 Rd1 37. Rg1 Be3 38. Rxd1 Rxd1+ 39. Kh2 Re1 40.
Kg3 Rxe2 41. Kf3 Re1 42. a4 bxa4 43. Rxa4 Bd2 44. Rxc4 Re3+ 45. Kg4 Be1 46.
hxg6 Rg3+ 0-1

[Event "First Saturday 2011 december IM"]
[Site "Budapest"]
[Date "2011.12.08"]
[Round "6"]
[White "Galyas, Miklos"]
[Black "Szeberenyi, Adam"]
[Result "1/2-1/2"]
[WhiteElo "2468"]
[BlackElo "2324"]
[PlyCount "75"]
[EventDate "2011.12.03"]

1. d4 d5 2. c4 Bf5 3. cxd5 Bxb1 4. Qa4+ Qd7 5. Qxd7+ Nxd7 6. Rxb1 Ngf6 7. Nf3
Nb6 8. e3 Nbxd5 9. Bd3 e6 10. Ke2 Bd6 11. a3 Nd7 12. Bd2 f5 13. Rbc1 Ke7 14.
Rhd1 c6 15. Be1 Rac8 16. Nd2 g5 17. g3 h5 18. e4 fxe4 19. Nxe4 g4 20. Bd2 N7f6
21. Bg5 Rhf8 22. Bh4 Kd7 23. Nxf6+ Nxf6 24. Rh1 Nd5 25. h3 Ne7 26. hxg4 hxg4
27. Bg5 Rh8 28. Bf6 Rxh1 29. Rxh1 Rf8 30. Bg5 Nf5 31. Rh7+ Kc8 32. Bxf5 exf5
33. Be3 f4 34. gxf4 Bxf4 35. Rg7 Bxe3 36. fxe3 Rh8 37. Kd3 Rh2 38. Rxg4 1/2-1/2

[Event "First Saturday 2011 december IM"]
[Site "Budapest"]
[Date "2011.12.09"]
[Round "7"]
[White "Bagi, Mate"]
[Black "Galyas, Miklos"]
[Result "1/2-1/2"]
[WhiteElo "2311"]
[BlackElo "2468"]
[PlyCount "84"]
[EventDate "2011.12.03"]

1. e4 e6 2. d4 d5 3. Nc3 Nf6 4. e5 Nfd7 5. f4 c5 6. Nf3 Nc6 7. Be3 Be7 8. Qd2
O-O 9. Be2 b6 10. O-O f5 11. Kh1 cxd4 12. Nxd4 Nxd4 13. Bxd4 Nc5 14. Rg1 Bd7
15. g4 Be8 16. gxf5 Rxf5 17. Bg4 Bg6 18. b4 Na6 19. Bxf5 Bxf5 20. a3 Rc8 21.
Rg2 Qd7 22. Kg1 Rc4 23. Rd1 Nb8 24. Qe3 Qc6 25. Rdd2 Nd7 26. Nd1 Rxc2 27. Rxc2
Bxc2 28. Qc3 Qxc3 29. Nxc3 Bd3 30. Rd2 Bc4 31. Nd1 Nb8 32. Ne3 Bb5 33. f5 Nc6
34. fxe6 Bg5 35. Kf2 Nd8 36. e7 Ne6 37. Rd1 Bxe7 38. Nxd5 Bh4+ 39. Ke3 Bg5+ 40.
Kf2 Ba4 41. Rd3 Bb5 42. Rd1 Ba4 1/2-1/2